• 首页
  • 本馆介绍
  • 公告通知
  • 最新文献
  • 馆藏检索
  • 电子资源
  • 读者导购
  • 参考咨询
  • 我的图书馆
  • 登录
  • 详细信息显示
  • 放入我的书架
  • 预约/预借图书
  • 作者相关作品
  • 分类相关作品
  • 丛书相关作品
  • 出版社相关作品

书目信息

  • 表格格式
  • 工作单格式
  • 卡片格式
题名:
阿富汗毒品与地区安全
    
 
作者: 杨恕 , 宛程 著
分册:  
出版信息: 北京   时事出版社  2015.11
页数: 265页
开本: 24cm
丛书名:
单 册:
中图分类: D737.288
科图分类:
主题词: 禁毒--jin du--研究--阿富汗 , 研究--yan jiu , 阿富汗--a fu han
电子资源:
ISBN: 978-7-80232-886-0
000 01329nam0 22002891 450
001 0120082224
005 20170320082224.0
010    @a978-7-80232-886-0@dCNY68.00
100    @a20151117d2015 em y0chiy50 ea
101 0  @achi
102    @aCN@b110000
105    @ay z 000yy
106    @ar
200 1  @a阿富汗毒品与地区安全@9a fu han du pin yu di qu an quan@dAfghanistan drug issue and regional security@f杨恕,宛程著@zeng
210    @a北京@c时事出版社@d2015.11
215    @a265页@d24cm
330    @a阿富汗已经成为世界鸦片类毒品最大生产国。阿富汗原本不是一个毒品问题严重泛滥的国家,但是这种情况在1979年苏联入侵阿富汗以后被彻底地改变。由于战争,正常的工农业生产无法正常进行,而毒品生产却异常发展起来,并首先在阿巴边境地区开辟了走私通道,毒品也开始成为各种力量获取资金的重要来源。本书是国内第一部关于阿富汗毒品的专著,其内容对地区安全、世界毒品问题研究、中亚和俄罗斯的毒品问题、中国与阿富汗的关系、上海合作组织参与阿富汗重建等问题的研究提供了有益的参考。
333    @a政治研究人员
510 1  @aAfghanistan drug issue and regional security@zeng
606 0  @a禁毒@9jin du@x研究@y阿富汗
606 0  @a研究@9yan jiu
606 0  @a阿富汗@9a fu han
690    @aD737.288@v5
701  0 @a杨恕@9yang shu@f(1947-)@4著
701  0 @a宛程@9wan cheng@4著
801  0 @aCN@bTANGWEI@c20170308
905    @b0957165-7@dD737.288@e393@f3
    
    阿富汗毒品与地区安全=Afghanistan drug issue and regional security/杨恕,宛程著.-北京:时事出版社,2015.11
    265页;24cm
    使用对象:政治研究人员
    
    ISBN 978-7-80232-886-0:CNY68.00
    阿富汗已经成为世界鸦片类毒品最大生产国。阿富汗原本不是一个毒品问题严重泛滥的国家,但是这种情况在1979年苏联入侵阿富汗以后被彻底地改变。由于战争,正常的工农业生产无法正常进行,而毒品生产却异常发展起来,并首先在阿巴边境地区开辟了走私通道,毒品也开始成为各种力量获取资金的重要来源。本书是国内第一部关于阿富汗毒品的专著,其内容对地区安全、世界毒品问题研究、中亚和俄罗斯的毒品问题、中国与阿富汗的关系、上海合作组织参与阿富汗重建等问题的研究提供了有益的参考。
●
相关链接 在E读中查询图书 在五车中查询图书 在当当中查询图书 在豆瓣中查询图书


正题名:阿富汗毒品与地区安全     索取号:D737.288/393         预约/预借

序号 登录号 条形码 馆藏地/架位号 状态 备注
1 0957165   209571658   第一样本阅览室/ [索取号:D737.288/393] 在馆    
2 0957166   209571667   第一借阅区/ [索取号:D737.288/393] 在馆    
3 0957167   209571676   第一借阅区/ [索取号:D737.288/393] 在馆    
唐山师范学院图书馆 欢迎您!
大连网信软件有限公司© 版权所有